Т. 23; Техническая кибернетика

Detaylı Bibliyografya
Parent link:Техническая кибернетика/ Академия наук СССР (АН СССР), Всесоюзный институт научной и технической информации (ВИНИТИ). Т. 23.— , 1967-1991.— 0130-6774
Diğer Yazarlar: Емельянов С. В. (редактор)
Dil:Rusça
Baskı/Yayın Bilgisi: 1988
Konular:
Materyal Türü: MixedMaterials Kitap
KOHA link:https://koha.lib.tpu.ru/cgi-bin/koha/opac-detail.pl?biblionumber=263648

MARC

LEADER 00000nam2a2200000 4500
001 263648
005 20231101233746.0
035 |a (RuTPU)RU\TPU\book\286636 
035 |a RU\TPU\book\286587 
090 |a 263648 
100 |a 20140610d1988 k y0rusy50 ca 
101 0 |a rus 
102 |a RU 
105 |a y z 001zy 
200 0 |a Т. 23 
210 |d 1988 
215 |a 184 с. 
320 |a Библиография в конце обзоров 
461 1 |0 (RuTPU)RU\TPU\book\164629  |x 0130-6774  |t Техническая кибернетика  |f Академия наук СССР (АН СССР), Всесоюзный институт научной и технической информации (ВИНИТИ)  |v Т. 23  |d 1967-1991  |s Техническая кибернетика 
606 1 |a Кибернетика техническая  |2 stltpush  |3 (RuTPU)RU\TPU\subj\39479  |9 59558 
610 1 |a нелинейные системы 
610 1 |a управляемость 
610 1 |a стабилизируемость 
610 1 |a инвариантность 
610 1 |a принятие решений 
610 1 |a энтропийный подход 
610 1 |a задачи 
610 1 |a анализ 
610 1 |a алгоритмизация 
675 |a 681.51  |v 3 
702 1 |a Емельянов  |b С. В.  |4 340 
801 1 |a RU  |b 63413507  |c 20110905 
801 2 |a RU  |b 63413507  |c 20161205  |g RCR 
942 |c BK